Famous Nickelback songs - Statistics

General Stats
  • This quiz has been taken 152 times
  • The average score is 9 of 19
Answer Stats
Hint Answer % Correct
What the hell is on Joey's head Photograph
88%
This is how... How You Remind Me
84%
We're Goin' out tonight Burn It To The Ground
70%
If Everyone Loved And Nobody Lied If Everyone Cared
69%
I love you, I've loved you all along Far Away
66%
My best friend gave me the best advice If Today Was Your Last Day
62%
How the hell'd we wind up like this Someday
62%
And if you can't tell I'm scared as hell Lullaby
51%
Gotta meet the hottie with the million dollar body Something In Your Mouth
49%
And the drumbeat carries on... When We Stand Together
45%
There's _______ for me out there Gotta Be Somebody
42%
Time is going by Never Gonna Be Alone
37%
Just one more moment I'd Come For You
34%
You left without saying good-bye Too Bad
29%
HEY whos coming with me to kick a hole in the sky Bottoms Up
25%
Addressing those beneath from high above Feed The Machine
25%
Now that your bleeding you stare at the ceiling Because Of You
17%
We can stop at the coffee shop Don't Ever Let It End
16%
Darcy's staring out the window Coin For The Ferryman
11%
No matching quizzes found
Score Distribution
Percent of People with Each Score
Percentile by Number Answered
Your Score History
You have not taken this quiz